THE BIOSORPTION OF CHROMIUM(III) CATIONS BY Reynoutria japonica

Bibliographic Details
Main Authors: Herková, Mariana (Author), Čáblíková, Lucie (Author), Čáblík, Vladimír (Author)
Format: Article
Language:English
ISBN:9788055317878

MARC

LEADER 00000naa a2200000uu 4500
001 vtls011042390
003 SK-MaSNL
005 20260302120405.0
008 210904|2014 xo |||||||||||||||||eng|
015 |a SNBRA 
035 |a (urnnbn)urn:nbn:sk:snk:ar-008zes 
035 |a (uuid)5781cbcf-01d8-40a5-9bee-0e1118f231e6 
035 |a urn:nbn:sk:snk-aauut8 
040 |a SNKBUCL  |b slo  |c SNKBUCL  |e AACR2 
041 0 |a eng 
044 |a xo  |c SK 
100 1 |a Herková, Mariana  |4 aut  |9 800900 
245 1 0 |a THE BIOSORPTION OF CHROMIUM(III) CATIONS BY Reynoutria japonica  |c Mariana Herková, Lucie Čáblíková, Vladimír Čáblík 
700 1 |a Čáblíková, Lucie  |4 aut  |9 800901 
700 1 |a Čáblík, Vladimír  |4 aut  |9 781848 
773 0 |t Biotechnology & Metals  |d Košice : Technical University, Faculty of Metallurgy, 2014  |g S. 21  |z 9788055317878 
958 |a OND 
958 |a article12 
958 |a chapter 
999 |c 1269478  |d 1271408